000
00216nam a22000857a 4500
008
161230b xxu||||| |||| 00| 0 eng d
100
_9
2243
_a
Bouryeois.P
245
_a
Franklin Messy
260
_a
New Delhi
_b
Scholastic
_c
2008
999
_c
5130
_d
5130